[Event "Lansing July Mini-Swiss.1"]
[Site "?"]
[Date "1993.07.11"]
[Round "3"]
[White "Finegold, Ron"]
[Black "Aldrich, Jeff"]
[Result "1-0"]
[WhiteElo "2176"]
[BlackElo "1902"]
[PlyCount "113"]
[EventDate "1993.??.??"]

1. g3 Nf6 2. Bg2 d5 3. d3 e5 4. c4 c6 5. cxd5 Nxd5 6. Nf3 Bd6 7. O-O O-O 8.
Nbd2 Nd7 9. e4 N5f6 10. Qc2 Qe7 11. Nc4 Bc7 12. b3 Rd8 13. Ba3 c5 14. Ne3 b6
15. Nf5 Qe8 16. b4 Ba6 17. Rfd1 Rac8 18. Qb3 Bb8 19. Bh3 h5 20. Ne3 Bd6 21. Ng5
Bf8 22. Qa4 Bb7 23. bxc5 Bxc5 24. Bxc5 Nxc5 25. Qxe8+ Nxe8 26. Bxc8 Bxc8 27.
Nd5 f6 28. Ne7+ Kf8 29. Nxc8 Rxc8 30. Nf3 Nc7 31. d4 exd4 32. Rxd4 Re8 33. Re1
Nb5 34. Rd2 Re6 35. e5 Kf7 36. exf6 Rxe1+ 37. Nxe1 Kxf6 38. Nf3 a5 39. Rd8 Nc3
40. a3 Nb1 41. Rd6+ Ke7 42. Rxb6 Nxa3 43. Ne5 a4 44. Rc6 Ne4 45. f3 Nd2 46. Ra6
Nab1 47. Rxa4 Ke6 48. f4 g5 49. Nd3 Nf3+ 50. Kg2 Nbd2 51. fxg5 Nxg5 52. Nf4+
Kf5 53. Ra5+ Kf6 54. Nxh5+ Kg6 55. g4 Nc4 56. Nf4+ Kf6 57. Rf5+ 1-0

[Event "Lansing July Mini-Swiss.1"]
[Site "?"]
[Date "1993.07.11"]
[Round "1"]
[White "Aldrich, Jeff"]
[Black "Feldman, Steve"]
[Result "0-1"]
[WhiteElo "1902"]
[BlackElo "2316"]
[PlyCount "48"]
[EventDate "1993.??.??"]

1. d4 Nf6 2. c4 c5 3. d5 g6 4. Nc3 d6 5. e4 Bg7 6. Bg5 h6 7. Bh4 O-O 8. Bd3 Na6
9. a3 e6 10. f4 exd5 11. cxd5 Re8 12. Nf3 Qb6 13. Qc2 c4 14. Bf2 cxd3 15. Qxd3
Nc5 16. Qc2 Qxb2 17. Qxb2 Nd3+ 18. Kd2 Nxb2 19. Kc2 Nxe4 20. Rae1 Bf5 21. Rxe4
Bxe4+ 22. Kxb2 Bxf3 23. gxf3 Rac8 24. Rc1 Re2+ 0-1

[Event "Trenton Mini-Swiss (July)"]
[Site "Trenton, Mich."]
[Date "1993.07.18"]
[Round "2"]
[White "Ward, Tim"]
[Black "Moody, David"]
[Result "1/2-1/2"]
[WhiteElo "1888"]
[BlackElo "2130"]
[PlyCount "79"]
[EventDate "1993.07.18"]

1. d4 Nf6 2. c4 c5 3. d5 e6 4. Nc3 exd5 5. cxd5 d6 6. e4 g6 7. f4 Bg7 8. Bb5+
Nfd7 9. a4 O-O 10. Nf3 Na6 11. O-O Nc7 12. Bc4 Rb8 13. Be3 a6 14. a5 b5 15.
axb6 Rxb6 16. Qc2 Re8 17. g4 Nf6 18. h3 Rb4 19. Nd2 h5 20. f5 hxg4 21. fxg6
fxg6 22. Bg5 gxh3 23. e5 Rxe5 24. Bxf6 Rg5+ 25. Kh1 Bxf6 26. Nce4 Bf5 27. Nxf6+
Qxf6 28. Ne4 Qd4 29. Rxf5 gxf5 30. Nxg5 Rxc4 31. Qxf5 Qxd5+ 32. Qxd5+ Nxd5 33.
Rxa6 Rc2 34. Rxd6 Nb4 35. Ne4 c4 36. Rd2 Rc1+ 37. Kh2 Nd3 38. Kxh3 Rb1 39. Nc3
Re1 40. Kg4 1/2-1/2

[Event "Trenton Mini-Swiss (July)"]
[Site "Trenton, Mich."]
[Date "1993.07.18"]
[Round "1"]
[White "Moody, David"]
[Black "Grossman, Jay"]
[Result "0-1"]
[WhiteElo "2130"]
[BlackElo "1860"]
[PlyCount "50"]
[EventDate "1993.07.18"]

1. f4 d5 2. Nf3 e6 3. b3 Nf6 4. Bb2 c5 5. e3 Nc6 6. Bb5 Bd7 7. O-O Be7 8. Bxc6
Bxc6 9. Ne5 Qc7 10. d3 O-O 11. Nd2 b5 12. Ndf3 Bb7 13. Qe1 Ne8 14. Ng5 Nd6 15.
Qh4 h6 16. Qh5 d4 17. Nexf7 Rxf7 18. Nxf7 Nxf7 19. exd4 Bf6 20. Rae1 cxd4 21.
Rxe6 Qxc2 22. Qg6 Qxb2 23. Rxf6 Qxg2+ 24. Qxg2 Bxg2 25. Rxf7 Bxf1 0-1

[Event "Trenton Mini-Swiss (July)"]
[Site "Trenton, Mich."]
[Date "1993.07.18"]
[Round "3"]
[White "Dlugas, Dan"]
[Black "Moody, David"]
[Result "1/2-1/2"]
[WhiteElo "1912"]
[BlackElo "2130"]
[PlyCount "72"]
[EventDate "1993.07.18"]

1. c4 e5 2. Nc3 Nc6 3. g3 g6 4. Bg2 Bg7 5. e3 Nge7 6. Nge2 O-O 7. d4 exd4 8.
exd4 d6 9. Be3 Nf5 10. O-O Nxe3 11. fxe3 Re8 12. e4 Bg4 13. Qd2 Qd7 14. Bf3 Ne7
15. Qf4 Bxf3 16. Rxf3 f5 17. Raf1 fxe4 18. Qxe4 Nf5 19. Qxb7 Rab8 20. Qd5+ Kh8
21. b3 Ne3 22. Rf7 Qh3 23. Qc6 Nxf1 24. Rxf1 Rf8 25. Rd1 Bh6 26. Nd5 Rbe8 27.
Nef4 Qg4 28. Rf1 g5 29. Nf6 Rxf6 30. Qxe8+ Rf8 31. Ng6+ hxg6 32. Rxf8+ Bxf8 33.
Qxf8+ Kh7 34. Qf7+ Kh6 35. Qf8+ Kh7 36. Qf7+ Kh6 1/2-1/2

[Event "U.S. Open"]
[Site "Philadelphia, Pa."]
[Date "1993.08.07"]
[Round "1"]
[White "Moody, David"]
[Black "Ogan, Alex"]
[Result "1-0"]
[WhiteElo "2070"]
[BlackElo "1478"]
[PlyCount "51"]
[EventDate "1993.08.07"]

1. e4 d5 2. Nc3 d4 3. Nce2 e5 4. Ng3 b6 5. Nf3 Bd6 6. Bc4 Nf6 7. O-O O-O 8. d3
Be6 9. Bb3 Bxb3 10. axb3 c5 11. Nh4 Nbd7 12. Nhf5 Be7 13. Bg5 Re8 14. Nxe7+
Qxe7 15. Nf5 Qe6 16. f4 g6 17. Nh6+ Kg7 18. f5 Qd6 19. fxg6 hxg6 20. Qf3 Rf8
21. Qh3 Nh7 22. Nxf7 Rxf7 23. Rxf7+ Kxf7 24. Qxh7+ Ke8 25. Qg8+ Qf8 26. Qe6+
1-0

[Event "U.S. Open"]
[Site "Philadelphia, Pa."]
[Date "1993.08.08"]
[Round "2"]
[White "Friedman, Josef"]
[Black "Moody, David"]
[Result "1/2-1/2"]
[WhiteElo "2335"]
[BlackElo "2070"]
[PlyCount "109"]
[EventDate "1993.08.07"]

1. e4 e5 2. Nf3 Nc6 3. Bb5 a6 4. Ba4 Nf6 5. O-O Be7 6. Bxc6 dxc6 7. d3 Nd7 8.
Nbd2 O-O 9. Nc4 f6 10. Qe2 Nc5 11. Rd1 Be6 12. Ne3 Bd6 13. b3 f5 14. exf5 Bxf5
15. Nxf5 Rxf5 16. Bb2 Qf6 17. Nd2 Rf8 18. Rf1 Qh4 19. g3 Qh3 20. f3 Ne6 21. Ne4
Ng5 22. Nxg5 Rxg5 23. Qg2 Qh5 24. Rae1 Qf7 25. Qe2 Rf5 26. Kg2 Qd7 27. g4 Rf4
28. Bc1 R4f7 29. Qe4 Qe7 30. Bd2 Qh4 31. g5 Rf4 32. Bxf4 Rxf4 33. Qe2 e4 34.
Kh1 e3 35. Qxe3 Re4 36. Qg1 Rxe1 37. Rxe1 Bxh2 38. Re4 Bf4+ 39. Kg2 Qg3+ 40.
Kf1 Qxf3+ 41. Qf2 Qxf2+ 42. Kxf2 Bxg5 43. Rd4 Be7 44. Rd7 Bd6 45. d4 c5 46.
dxc5 Bxc5+ 47. Kf3 Bd6 48. Kg4 h6 49. Kh5 Kh7 50. c4 b6 51. a4 a5 52. Rf7 Be5
53. Re7 Bd6 54. Rd7 Be5 55. Re7 1/2-1/2

[Event "U.S. Open"]
[Site "Philadelphia, Pa."]
[Date "1993.08.09"]
[Round "3"]
[White "Moody, David"]
[Black "Cardona, Fabio"]
[Result "0-1"]
[WhiteElo "2070"]
[BlackElo "2311"]
[PlyCount "84"]
[EventDate "1993.08.07"]

1. e4 c5 2. c3 d5 3. exd5 Qxd5 4. d4 Nc6 5. Nf3 e6 6. Na3 a6 7. Nc2 Nf6 8. Bd3
cxd4 9. cxd4 Nb4 10. Nxb4 Bxb4+ 11. Bd2 Bxd2+ 12. Qxd2 O-O 13. O-O Bd7 14. Ne5
Bc6 15. Nxc6 Qxc6 16. Rac1 Qd6 17. Bb1 Rfd8 18. Rfd1 Rac8 19. Rc3 Rxc3 20. bxc3
b5 21. Qc2 Rc8 22. Rd3 Nd5 23. Rf3 f5 24. g4 g6 25. gxf5 exf5 26. h4 Kg7 27. h5
Re8 28. Qd2 Qe7 29. Bd3 Qe1+ 30. Qxe1 Rxe1+ 31. Kg2 Rc1 32. hxg6 hxg6 33. Be2
Rxc3 34. Kg3 Rxf3+ 35. Bxf3 Nc3 36. Kf4 Kf6 37. Bb7 a5 38. Ba6 Nxa2 39. Bxb5
Nc3 40. Bc4 a4 41. d5 g5+ 42. Ke3 Ke5 0-1

[Event "U.S. Open"]
[Site "Philadelphia, Pa."]
[Date "1993.08.10"]
[Round "4"]
[White "Fearnley, Christopher"]
[Black "Moody, David"]
[Result "1/2-1/2"]
[WhiteElo "1846"]
[BlackElo "2070"]
[PlyCount "78"]
[EventDate "1993.08.07"]

1. e4 e5 2. Bc4 Nf6 3. d3 Bc5 4. Nf3 d6 5. O-O Nc6 6. c3 O-O 7. Re1 Be6 8. Bb3
Ne7 9. d4 Bxb3 10. Qxb3 Bb6 11. a4 a6 12. Na3 exd4 13. cxd4 d5 14. exd5 Qxd5
15. Nc4 Nc6 16. Qd3 Bxd4 17. Nxd4 Qxd4 18. Qb3 Qd5 19. Bf4 b5 20. Nd2 Rfe8 21.
Qc3 Nd4 22. Be3 c5 23. b4 bxa4 24. Rxa4 cxb4 25. Rxb4 Nf5 26. h3 Rac8 27. Rc4
Nxe3 28. Rxe3 Rxc4 29. Rxe8+ Nxe8 30. Nxc4 Qc5 31. Qb3 Kf8 32. Nb6 Nf6 33. Nc4
Qb5 34. Qa3+ Kg8 35. Nd6 Qb6 36. Nc4 Qb5 37. Nd6 Qe2 38. Qc5 g6 39. Qd4 Qe1+
1/2-1/2

[Event "U.S. Open"]
[Site "Philadelphia, Pa."]
[Date "1993.08.11"]
[Round "5"]
[White "Moody, David"]
[Black "Lynch, Mark"]
[Result "1/2-1/2"]
[WhiteElo "2070"]
[BlackElo "1792"]
[PlyCount "88"]
[EventDate "1993.08.07"]

1. e4 d6 2. d4 Nf6 3. Nc3 g6 4. f4 Bg7 5. Nf3 c5 6. Bb5+ Bd7 7. Bxd7+ Nbxd7 8.
d5 O-O 9. O-O a6 10. a4 Qc7 11. Qe1 Ne8 12. Qh4 e5 13. f5 Nef6 14. Ra3 c4 15.
fxg6 fxg6 16. Ng5 Nc5 17. Be3 Nh5 18. Ne6 Rxf1+ 19. Kxf1 Qf7+ 20. Kg1 Nxe6 21.
dxe6 Qxe6 22. Nd5 Rf8 23. Bg5 Nf6 24. Nxf6+ Bxf6 25. Rh3 Rf7 26. a5 Bxg5 27.
Qxg5 Qf6 28. Qxf6 Rxf6 29. Rc3 Rf7 30. Rxc4 Rd7 31. Rc8+ Kf7 32. c4 Ke6 33. Kf2
Re7 34. Ke3 Kd7 35. Rf8 Kc6 36. b4 b6 37. axb6 Rb7 38. Rc8+ Kxb6 39. Kd3 Rf7
40. Ke3 Rf1 41. c5+ dxc5 42. Rxc5 Re1+ 43. Kf3 Rf1+ 44. Ke3 Re1+ 1/2-1/2

[Event "U.S. Open"]
[Site "Philadelphia, Pa."]
[Date "1993.08.12"]
[Round "6"]
[White "Power, Johnny"]
[Black "Moody, David"]
[Result "0-1"]
[WhiteElo "1862"]
[BlackElo "2070"]
[PlyCount "80"]
[EventDate "1993.08.07"]

1. e4 e5 2. Nf3 Nc6 3. d4 exd4 4. c3 dxc3 5. Bc4 cxb2 6. Bxb2 d6 7. O-O Nf6 8.
Nc3 Be7 9. Re1 O-O 10. h3 Ne5 11. Bb3 Be6 12. Nd5 Nxf3+ 13. Qxf3 Nd7 14. Qg3
Ne5 15. Nxe7+ Qxe7 16. f4 Bxb3 17. axb3 Ng6 18. f5 Ne5 19. h4 f6 20. Qc3 Qf7
21. Qh3 Qh5 22. Bxe5 dxe5 23. g4 Qf7 24. g5 Rfd8 25. Ra2 Rd4 26. Rg2 Kh8 27. h5
fxg5 28. Rxg5 Rad8 29. Re3 Qf6 30. Qg3 Rd1+ 31. Kf2 R8d2+ 32. Kf3 Rf1+ 33. Kg4
Rf4+ 34. Kh3 Rff2 35. Rg4 Qh6 36. Rd3 Qxh5+ 37. Rh4 Rh2+ 38. Qxh2 Rxh2+ 39.
Kxh2 Qxh4+ 40. Kg2 Qxe4+ 0-1

[Event "U.S. Open"]
[Site "Philadelphia, Pa."]
[Date "1993.08.13"]
[Round "7"]
[White "Moody, David"]
[Black "Dupuis, Kevin"]
[Result "1-0"]
[WhiteElo "2070"]
[BlackElo "1801"]
[PlyCount "79"]
[EventDate "1993.08.07"]

1. e4 e5 2. Nf3 Nc6 3. d4 exd4 4. Bc4 Nf6 5. O-O Bc5 6. e5 d5 7. exf6 dxc4 8.
Re1+ Be6 9. Ng5 Qd5 10. Nc3 Qf5 11. Nce4 O-O-O 12. g4 Qe5 13. Nxe6 fxe6 14. Bg5
Rd7 15. fxg7 Rg8 16. Bh6 d3 17. c3 d2 18. Re2 Rd3 19. Nxc5 Qxc5 20. Rxd2 Rh3
21. g5 Qe5 22. Qg4 Qxh2+ 23. Kf1 Rxh6 24. gxh6 Qxh6 25. Re1 Nd8 26. Red1 Nf7
27. Rd7 Rxg7 28. Qf3 Nd6 29. R7xd6 Rg1+ 30. Kxg1 cxd6 31. Qg3 e5 32. Qg8+ Kd7
33. Qf7+ Kd8 34. Qxc4 Qg6+ 35. Kf1 Qh6 36. Qd5 Kc7 37. c4 Qh3+ 38. Ke1 b6 39.
Qxd6+ Kb7 40. Qd7+ 1-0

[Event "U.S. Open"]
[Site "Philadelphia, Pa."]
[Date "1993.08.14"]
[Round "8"]
[White "Veach, Joseph"]
[Black "Moody, David"]
[Result "1-0"]
[WhiteElo "2242"]
[BlackElo "2070"]
[PlyCount "81"]
[EventDate "1993.08.07"]

1. d4 Nf6 2. Nf3 e6 3. Bg5 Be7 4. e3 O-O 5. c4 d5 6. Nc3 h6 7. Bh4 Nbd7 8. Rc1
c6 9. Bd3 dxc4 10. Bxc4 b5 11. Bd3 a6 12. O-O Bb7 13. Bxf6 Nxf6 14. Ne4 Nd7 15.
Bb1 f5 16. Nc5 Nxc5 17. dxc5 Bf6 18. Qc2 Qc7 19. Rfe1 Rad8 20. e4 Qf4 21. Re2
Bc8 22. Rce1 Bd4 23. Qc1 Qxc1 24. Rxc1 e5 25. Rd2 Be6 26. Rcd1 fxe4 27. Nxd4
Rxd4 28. Rxd4 exd4 29. Rxd4 Bd5 30. Kf1 Re8 31. Ke2 Re5 32. Ke3 Kf7 33. b4 Kf6
34. a3 Rg5 35. g3 Re5 36. Bxe4 Re6 37. Kd3 Bc4+ 38. Kc3 Ke5 39. Bg2 Bd5 40.
Bxd5 cxd5 41. f4+ 1-0

[Event "U.S. Open"]
[Site "Philadelphia, Pa."]
[Date "1993.08.15"]
[Round "9"]
[White "Terrie, Henry"]
[Black "Moody, David"]
[Result "1/2-1/2"]
[WhiteElo "2247"]
[BlackElo "2070"]
[PlyCount "25"]
[EventDate "1993.08.07"]

1. c4 e5 2. Nc3 Nc6 3. Nf3 f5 4. d4 e4 5. Ng5 Nf6 6. e3 Bb4 7. Bd2 Bxc3 8. Bxc3
d5 9. Nh3 Be6 10. Nf4 Bf7 11. Qb3 Qd7 12. h4 O-O 13. Be2 1/2-1/2

[Event "Lansing August Mini-Swiss.2"]
[Site "?"]
[Date "1993.08.15"]
[Round "2"]
[White "Fleming, William"]
[Black "Aldrich, Jeff"]
[Result "1-0"]
[WhiteElo "1835"]
[BlackElo "1900"]
[PlyCount "153"]
[EventDate "1993.??.??"]

1. e4 c6 2. d4 d5 3. e5 Bf5 4. Nf3 e6 5. Be2 c5 6. c3 Nc6 7. a3 Qb6 8. O-O Rc8
9. b4 cxd4 10. cxd4 Nge7 11. Be3 a5 12. b5 Nb8 13. Nbd2 Bc2 14. Qc1 Bd3 15. Qd1
Qxb5 16. Bxd3 Qxd3 17. Qa4+ Nec6 18. Rfb1 Qa6 19. Rb5 Nd7 20. Rc1 Rb8 21. Rcb1
Be7 22. Qb3 h6 23. Rxb7 Rxb7 24. Qxb7 Qxb7 25. Rxb7 Bxa3 26. Rc7 Ndb8 27. Rc8+
Nd8 28. Rxb8 Bb4 29. Nb3 O-O 30. Bd2 Bxd2 31. Nfxd2 a4 32. Nc5 a3 33. Ra8 Nc6
34. Ra4 Rc8 35. Ncb3 a2 36. Rxa2 Kh7 37. g3 Nb4 38. Ra7 Kg6 39. Nc5 Nc2 40. Nf3
Nxd4 41. Nxd4 Rxc5 42. Nf3 Rc3 43. Nh4+ Kh5 44. Kg2 g5 45. Nf3 Kg6 46. Rd7 Rc4
47. h3 Re4 48. g4 Kg7 49. Ra7 Rc4 50. Kg3 Rc2 51. Nd4 Rc3+ 52. f3 Kg6 53. Nb5
Re3 54. Nd6 Rxe5 55. Nxf7 Re3 56. Nh8+ Kf6 57. Rh7 d4 58. Rxh6+ Kg7 59. Rg6+
Kxh8 60. Rxg5 Re2 61. Ra5 Re1 62. Ra2 e5 63. Rd2 Re3 64. Kf2 Kg7 65. h4 Kg6 66.
Re2 Rxe2+ 67. Kxe2 Kf6 68. Kd3 Ke6 69. f4 Kd5 70. fxe5 Kxe5 71. h5 Kf6 72. Kxd4
Kg5 73. Ke5 Kh6 74. Kf6 Kh7 75. g5 Kh8 76. g6 Kg8 77. g7 1-0

[Event "Lansing August Mini-Swiss.2"]
[Site "?"]
[Date "1993.08.15"]
[Round "3"]
[White "Aldrich, Jeff"]
[Black "Taylor, Eric"]
[Result "0-1"]
[WhiteElo "1900"]
[BlackElo "1952"]
[PlyCount "94"]
[EventDate "1993.??.??"]

1. d4 Nf6 2. c4 g6 3. Nc3 d5 4. cxd5 Nxd5 5. e4 Nxc3 6. bxc3 Bg7 7. Bc4 O-O 8.
Ne2 c5 9. Be3 Nc6 10. O-O Qc7 11. Qc1 a6 12. a4 Na5 13. Ba2 Bd7 14. Qa3 cxd4
15. cxd4 Rfe8 16. Rac1 Qd8 17. Kh1 b5 18. Nc3 e6 19. Rb1 Bf8 20. Qc1 b4 21. Ne2
Bxa4 22. Bd2 Rc8 23. Qe1 Rc2 24. Ra1 Bb5 25. Qd1 Bxe2 26. Qxc2 Bxf1 27. Rxf1
Qxd4 28. Be3 Qd7 29. Rd1 Qb7 30. Rb1 Rc8 31. Qb2 Qxe4 32. Bd4 Rc2 33. Qa1 Qe2
34. Bxe6 Qxe6 35. Qxa5 Re2 36. Qa1 a5 37. Kg1 a4 38. Kf1 Rc2 39. Re1 Qc4+ 40.
Kg1 a3 41. h3 b3 42. Bf6 Qc5 43. Bd4 Qc6 44. Kh2 b2 45. Qd1 Rc1 46. Qe2 b1=Q
47. Qe5 Bd6 0-1

[Event "Lansing August Mini-Swiss.2"]
[Site "?"]
[Date "1993.08.15"]
[Round "1"]
[White "Aldrich, Jeff"]
[Black "Anderson, Gale"]
[Result "1-0"]
[WhiteElo "1900"]
[BlackElo "1788"]
[PlyCount "93"]
[EventDate "1993.??.??"]

1. d4 d5 2. c4 Nf6 3. Nc3 e6 4. Bg5 c6 5. e3 Be7 6. Nf3 O-O 7. Qc2 Nbd7 8. Bd3
h6 9. Bh4 b6 10. O-O Bb7 11. Rac1 Rc8 12. Qe2 Nb8 13. Bg3 Re8 14. a3 Bd6 15.
Ne5 a6 16. b4 a5 17. c5 Bxe5 18. Bxe5 Nfd7 19. Bd6 e5 20. Qg4 e4 21. Be2 Re6
22. Qh3 Nf6 23. f3 axb4 24. axb4 Nbd7 25. fxe4 dxe4 26. Bc4 Nd5 27. Ne2 Ra8 28.
Nf4 Rf6 29. Bxd5 cxd5 30. Be5 Nxe5 31. dxe5 Bc8 32. Qg3 Rf5 33. Ne2 Rg5 34. Qf4
Qe7 35. cxb6 Rf5 36. Rxc8+ Rxc8 37. Qxf5 Rb8 38. Nd4 Rxb6 39. b5 g6 40. Qc8+
Kg7 41. Qc3 Kg8 42. Qc8+ Kg7 43. e6 f5 44. Rc1 Kf6 45. Rc7 Qa3 46. Qd8+ Ke5 47.
Qh8+ 1-0

[Event "Lansing Mini-Swiss (October)"]
[Site "Lansing, Mich."]
[Date "1993.10.10"]
[Round "1"]
[White "Thompson, Dexter"]
[Black "Moody, David"]
[Result "1-0"]
[WhiteElo "2247"]
[BlackElo "2020"]
[PlyCount "29"]
[EventDate "1993.10.10"]

1. e4 e5 2. d4 exd4 3. Nf3 Nc6 4. c3 dxc3 5. Nxc3 Bb4 6. Bc4 d6 7. O-O Bxc3 8.
bxc3 Nf6 9. e5 Nxe5 10. Nxe5 dxe5 11. Qb3 O-O 12. Ba3 Ne4 13. Bxf8 Nd2 14. Qb4
Qh4 15. Bxf7+ 1-0

[Event "Lansing Mini-Swiss (October)"]
[Site "Lansing, Mich."]
[Date "1993.10.10"]
[Round "2"]
[White "Moody, David"]
[Black "Kamberi, Sonny"]
[Result "1-0"]
[WhiteElo "2020"]
[BlackElo "2007"]
[PlyCount "80"]
[EventDate "1993.10.10"]

1. e4 e6 2. d3 b6 3. g3 Bb7 4. Bg2 g6 5. Nf3 Bg7 6. O-O Ne7 7. Bg5 Bxb2 8. Nbd2
Bxa1 9. Qxa1 Rg8 10. Qf6 d6 11. e5 Nd7 12. Qf4 d5 13. Bh4 h6 14. Qxh6 Nc5 15.
Ng5 Qd7 16. Nh7 O-O-O 17. Nf6 Qa4 18. Nxg8 Nxg8 19. Qg7 Re8 20. Qxf7 Bc6 21.
Nb3 Qxa2 22. Ra1 Qb2 23. Rxa7 Qxe5 24. d4 Nh6 25. Qxe8+ Bxe8 26. dxe5 Nf5 27.
Ra8+ Kd7 28. Rd8+ Kc6 29. Rxe8 Nxh4 30. gxh4 Kd7 31. Nxc5+ bxc5 32. Rg8 d4 33.
Rxg6 c4 34. Be4 c5 35. h5 d3 36. cxd3 c3 37. d4 cxd4 38. h6 Ke7 39. h7 Kf8 40.
h8=Q+ Kf7 1-0

[Event "Lansing Mini-Swiss (October)"]
[Site "Lansing, Mich."]
[Date "1993.10.10"]
[Round "3"]
[White "LaMar, Frank"]
[Black "Moody, David"]
[Result "0-1"]
[WhiteElo "2125"]
[BlackElo "2020"]
[PlyCount "33"]
[EventDate "1993.10.10"]

1. e4 e5 2. Nf3 Nc6 3. Bc4 Nf6 4. Ng5 d5 5. exd5 Na5 6. Bb5+ c6 7. dxc6 bxc6 8.
Bd3 h6 9. Ne4 Nd5 10. Nbc3 Nf4 11. Bf1 f5 12. Ng3 Bc5 13. d3 Qb6 14. Qf3 O-O
15. Be2 g5 16. Bxf4 g4 17. Nd5 0-1

[Event "Trenton Action Quad (October)"]
[Site "Trenton, Mich."]
[Date "1993.10.16"]
[Round "3"]
[White "Moody, David"]
[Black "Calton, Bill"]
[Result "0-1"]
[WhiteElo "2020"]
[BlackElo "2088"]
[PlyCount "74"]
[EventDate "1993.10.16"]

1. e4 c6 2. d4 d5 3. exd5 cxd5 4. Bd3 Nc6 5. c3 Nf6 6. Bf4 Bg4 7. Qb3 Qc8 8.
Nd2 e6 9. Ngf3 Be7 10. O-O O-O 11. a4 Bh5 12. a5 Bg6 13. a6 b6 14. Bb5 Na5 15.
Qa2 Nh5 16. Bg3 Nxg3 17. hxg3 Qc7 18. b4 Nc4 19. Nxc4 dxc4 20. Ne5 Bd3 21. Rfd1
Rac8 22. Nxd3 cxd3 23. Rxd3 Rfd8 24. Qd2 Bf6 25. Rc1 Rd5 26. Ba4 b5 27. Bb3 Rd6
28. c4 bxc4 29. Rxc4 Qd8 30. Rxc8 Qxc8 31. b5 Rb6 32. Qb4 Qb8 33. Bc4 Rxa6 34.
Qc5 Ra1+ 35. Kh2 Qf8 36. Qc6 g6 37. d5 Qh6# 0-1

[Event "Trenton Action Quad (October)"]
[Site "Trenton, Mich."]
[Date "1993.10.16"]
[Round "1"]
[White "Moody, David"]
[Black "Beydoun, Nassar"]
[Result "1-0"]
[WhiteElo "2020"]
[BlackElo "1901"]
[PlyCount "45"]
[EventDate "1993.10.16"]

1. e4 c5 2. Nf3 d6 3. d4 cxd4 4. Nxd4 Nf6 5. Nc3 a6 6. Bg5 e6 7. f4 Qb6 8. Qd2
Qxb2 9. Rb1 Qa3 10. Bc4 Be7 11. e5 dxe5 12. fxe5 Nfd7 13. Rb3 Qc5 14. Bxe7
Qxe5+ 15. Nce2 Kxe7 16. Re3 Qc5 17. Bxe6 fxe6 18. Nxe6 Qxe3 19. Qxe3 Nc6 20.
Nc7+ Kd8 21. Nxa8 Re8 22. Qg5+ Re7 23. O-O 1-0

[Event "Trenton Action Quad (October)"]
[Site "Trenton, Mich."]
[Date "1993.10.16"]
[Round "2"]
[White "Haakonstad, Olaf"]
[Black "Moody, David"]
[Result "1/2-1/2"]
[WhiteElo "1817"]
[BlackElo "2020"]
[PlyCount "87"]
[EventDate "1993.10.16"]

1. e4 e5 2. Nf3 Nc6 3. Bb5 a6 4. Bxc6 dxc6 5. d4 exd4 6. Qxd4 Qxd4 7. Nxd4 g6
8. Bf4 Bg7 9. c3 c5 10. Nb3 c4 11. N3d2 b5 12. Bxc7 Bb7 13. O-O Nf6 14. f3 Nd7
15. b3 Rc8 16. Ba5 cxb3 17. axb3 O-O 18. Ra2 Ne5 19. Rd1 Nd3 20. Nf1 Nc5 21.
Bb4 Rfe8 22. Bxc5 Rxc5 23. Rd7 Bc8 24. Rd3 Be6 25. Ra3 Rec8 26. b4 R5c6 27. Ne3
Bc4 28. Nxc4 Rxc4 29. Kf2 R4c6 30. Ke3 Kf8 31. g3 Ke7 32. f4 Ke6 33. e5 f6 34.
Ke4 fxe5 35. fxe5 Bxe5 36. Re3 Rc4+ 37. Kd3 R4c6 38. Ke4 Rd8 39. Rd3 Rxd3 40.
Kxd3 Kd5 41. Nd2 Rf6 42. Ra1 Rc6 43. Ne4 Rc7 44. Rd1 1/2-1/2

[Event "Finney Quads (November)"]
[Site "Detroit, Mich."]
[Date "1993.11.13"]
[Round "1"]
[White "Moody, David"]
[Black "Walquist, Elaine"]
[Result "1-0"]
[WhiteElo "2020"]
[BlackElo "1599"]
[PlyCount "39"]
[EventDate "1993.11.13"]

1. e4 c5 2. c3 d5 3. exd5 Qxd5 4. d4 e6 5. Nf3 Nc6 6. Na3 Nf6 7. Bc4 Qd8 8. Nc2
cxd4 9. Ncxd4 Nxd4 10. Nxd4 a6 11. O-O Qc7 12. Qe2 Be7 13. Bg5 Bd7 14. Rae1 Ng4
15. Qxg4 Qxc4 16. Bxe7 e5 17. Qxg7 Kxe7 18. Rxe5+ Kd6 19. Qg3 Rhg8 20. Re6+ 1-0

[Event "Finney Quads (November)"]
[Site "Detroit, Mich."]
[Date "1993.11.13"]
[Round "3"]
[White "Jointer, William"]
[Black "Moody, David"]
[Result "0-1"]
[WhiteElo "1762"]
[BlackElo "2020"]
[PlyCount "48"]
[EventDate "1993.11.13"]

1. e4 e5 2. Nf3 Nc6 3. Bc4 Nf6 4. d4 exd4 5. O-O Bc5 6. e5 d5 7. exf6 dxc4 8.
Qe2+ Be6 9. fxg7 Rg8 10. Bg5 Qd5 11. Bf6 Qf5 12. Bh4 Rxg7 13. Na3 d3 14. cxd3
cxd3 15. Qd1 Bd5 16. Re1+ Kd7 17. Bg3 Rag8 18. Rf1 Rxg3 19. hxg3 Rxg3 20. Kh2
Rxg2+ 21. Kxg2 Qg4+ 22. Kh2 Bd6+ 23. Ne5+ Bxe5+ 24. f4 Qg2# 0-1

[Event "Finney Quads (November)"]
[Site "Detroit, Mich."]
[Date "1993.11.13"]
[Round "2"]
[White "Gabbara, Faris"]
[Black "Moody, David"]
[Result "1-0"]
[WhiteElo "2146"]
[BlackElo "2020"]
[PlyCount "67"]
[EventDate "1993.11.13"]

1. Nf3 f5 2. d4 Nf6 3. Nc3 d5 4. Bf4 c6 5. e3 e6 6. Ne5 Be7 7. Be2 O-O 8. h3
Ne4 9. O-O Nd7 10. f3 Nxc3 11. bxc3 Nxe5 12. Bxe5 Bd6 13. Bxd6 Qxd6 14. f4 b6
15. a4 Bb7 16. Qb1 c5 17. Qb2 cxd4 18. cxd4 Rac8 19. Bd3 Rc7 20. a5 bxa5 21.
Rxa5 a6 22. Rfa1 Rfc8 23. Bxa6 Bxa6 24. Rxa6 Qe7 25. Ra8 Rxa8 26. Rxa8+ Kf7 27.
Qb8 Rb7 28. Qg8+ Kg6 29. Re8 Rb1+ 30. Kh2 Qf6 31. Rxe6 Kh6 32. g4 fxg4 33. hxg4
g6 34. g5+ 1-0

[Event "Trenton Mini-Swiss (November)"]
[Site "Trenton, Mich."]
[Date "1993.11.20"]
[Round "2"]
[White "Moody, David"]
[Black "Thompson, Dexter"]
[Result "1-0"]
[WhiteElo "2020"]
[BlackElo "2247"]
[PlyCount "119"]
[EventDate "1993.11.20"]

1. e4 e6 2. d4 d5 3. Nc3 Bb4 4. e5 c5 5. a3 cxd4 6. axb4 dxc3 7. Nf3 Ne7 8. Bd3
Qc7 9. bxc3 Nbc6 10. O-O Ng6 11. Re1 Bd7 12. Be3 Ncxe5 13. Nxe5 Qxe5 14. Rxa7
Rxa7 15. Bxa7 Qxc3 16. Bxg6 hxg6 17. Bc5 Bc6 18. Re3 Qc4 19. Qe1 Kd7 20. Rc3
Qf4 21. h3 f6 22. Rf3 Qe4 23. Re3 Qf5 24. g4 Qxc2 25. Rxe6 Kc8 26. Rxc6+ bxc6
27. Qe6+ Kb8 28. Qd6+ Kb7 29. Qd7+ Kb8 30. Qa7+ Kc8 31. Qa8+ Kc7 32. Qxh8 Qc1+
33. Kg2 Qf4 34. Qxg7+ Kc8 35. Qe7 Qe5 36. Qxe5 fxe5 37. Kg3 Kd7 38. Kh4 Ke6 39.
Kg5 d4 40. Kxg6 Kd5 41. h4 e4 42. h5 e3 43. Bxd4 e2 44. Bc3 Kc4 45. Be1 Kd3 46.
h6 Kc2 47. h7 Kd1 48. h8=Q Kxe1 49. Kf5 Kxf2 50. Kf4 e1=Q 51. Qh4+ Ke2 52.
Qxe1+ Kxe1 53. Ke3 Kd1 54. Kd3 Kc1 55. Kc3 Kb1 56. g5 Ka2 57. g6 Ka3 58. g7 c5
59. bxc5 Ka4 60. g8=Q 1-0

[Event "Trenton Mini-Swiss (November)"]
[Site "Trenton, Mich."]
[Date "1993.11.20"]
[Round "1"]
[White "Gabbara, Faris"]
[Black "Moody, David"]
[Result "1-0"]
[WhiteElo "2146"]
[BlackElo "2020"]
[PlyCount "53"]
[EventDate "1993.11.20"]

1. d4 Nf6 2. Bg5 Ne4 3. Bf4 g5 4. Be5 f6 5. e3 Bg7 6. Qh5+ Kf8 7. Bg3 Nxg3 8.
hxg3 d5 9. Bd3 e5 10. dxe5 fxe5 11. Qf3+ Kg8 12. e4 c6 13. Nd2 Be6 14. Nb3 Nd7
15. O-O-O Qe7 16. Qe3 h5 17. Kb1 a5 18. Nf3 g4 19. Nh4 d4 20. Qe2 Qf7 21. Nf5
Bf8 22. Qd2 Bxf5 23. exf5 Bh6 24. Qe2 a4 25. Bc4 axb3 26. Bxf7+ Kxf7 27. Qc4+
1-0

[Event "Trenton Mini-Swiss (November)"]
[Site "Trenton, Mich."]
[Date "1993.11.20"]
[Round "3"]
[White "Calton, Bill"]
[Black "Moody, David"]
[Result "1/2-1/2"]
[WhiteElo "2088"]
[BlackElo "2020"]
[PlyCount "63"]
[EventDate "1993.11.20"]

1. e4 e5 2. Bc4 Nf6 3. d3 Bc5 4. Nc3 d6 5. f4 O-O 6. Nf3 Be6 7. fxe5 dxe5 8.
Bxe6 fxe6 9. Na4 Bd6 10. c4 Bb4+ 11. Bd2 Bxd2+ 12. Qxd2 Nc6 13. O-O-O Qe7 14.
Rhe1 Rad8 15. Qc3 Ng4 16. Kb1 Qb4 17. Qxb4 Nxb4 18. Nc5 Rd6 19. a3 b6 20. axb4
bxc5 21. bxc5 Rc6 22. h3 Nf6 23. Nxe5 Rxc5 24. Nf3 Nh5 25. Kc2 Nf4 26. b4 Rh5
27. Rd2 Nxg2 28. Rxg2 Rxf3 29. Ra1 Rhxh3 30. Rxa7 Rxd3 31. Rxc7 g6 32. Rd2
1/2-1/2